| 000 | 00448nam a2200145 a 4500 | ||
|---|---|---|---|
| 001 | 000038803 | ||
| 005 | 20201002031358.0 | ||
| 008 | 130425s1966 dr 000 0 spa d | ||
| 040 |
_aDO-SdBNP _bspa _cBNPHU |
||
| 100 | 1 |
_aFranco, Franklin J. _919014 |
|
| 245 | 1 | 0 |
_aRepública Dominicana clases, crisis y comandos / _cFranklin J. Franco. |
| 260 |
_aLa Habana : _bCasas de las América, _c1966. |
||
| 300 |
_a274 p. ; _c20 cm. |
||
| 586 | _aPremio ensayo | ||
| 999 |
_c38293 _d38293 |
||